00506nam a2200181Ia 450000100060000000800410000602000180004704000130006508200210007810000220009924500740012125000080019526000600020330000110026354600070027465000210028170000220030259802140520s9999 xx 000 0 und d a9780070260955 cPK-LaUMT a 621.3815bCAT-E aCathey, Jimmie J. aElectronic devices and circuitscCathey, Jimmie J.<>Singh, Ajay Kumar a3rd aNew Delhi,India:bMcGraw Hiill Education (India),c2002 avar p. aEN aDigital circuits aSingh, Ajay Kumar